Statistics for All Modern-Day Countries Ever Controlled by the Seljuks

Click here to take the quiz!

General Stats

  • This quiz has been taken 20,407 times
  • The average score is 24 of 24

Answers on the Map

Answers color-coded by a green-red scale on the quiz's map according to % correct below.
 

Answer Stats

Countries% Correct
Iran
100%
Turkey
100%
Afghanistan
99%
Iraq
99%
Israel
99%
Pakistan
99%
Syria
99%
Armenia
98%
Georgia
98%
India
98%
Jordan
98%
Kazakhstan
98%
Lebanon
98%
Oman
98%
Saudi Arabia
98%
Turkmenistan
98%
United Arab Emirates
98%
Uzbekistan
98%
Azerbaijan
97%
China
97%
Kuwait
97%
Russia
97%
Tajikistan
97%
Kyrgyzstan
96%

Score Distribution

Percentile by Number Answered

Percent of People with Each Score

Your Score History

You have not taken this quiz